000 00559nam a2200181Ia 4500
020 _a(hb)
082 _a297.092
_bNAS
_cl31,P177
100 _aNasr, Seyyed Hossein
_9181
245 _aThree Muslim sages
_bavicenna - Suhrawardi - Ibn Arabi
260 _aLahore:
_bSuhail Academy,
_c1988
300 _a185p
526 _a0
_b0
_c0
_d297_092000000000000_NAS
650 _aal-Suhrawardi, Yahya Ibn Habash- 1152-1191
_937296
650 _aAvicenna- 980-1037
_937297
650 _aIbn Arabi, Muhyid Din- 1165-1240
_937298
650 _aMCE
_9379
942 _2ddc
_cBK
999 _c542198
_d542198